Automatizace projektování - systémy CASE.

Charakteristika účelu systémov CASE. Podstata systémov CASE, ich úrovne, náplň a nástroje. Použitie systémov CASE. Cenové relácie, osvojenie systému a oblasti použitia. Systémy CASE v Kancelárskych strojoch. Využívanie systémov ISKRA, 5P a ZIM u nás.

Na minha lista:
Detalhes bibliográficos
Autor principal: Bébr, R.
Formato: Capítulo de Livro
Idioma:tcheco
Assuntos:
Tags: Adicionar Tag
Sem tags, seja o primeiro a adicionar uma tag!

MARC

LEADER 00000naa a2200000 4500
001 r005109
005 20221125080403.4
041 0 |a cze 
044 |a [CS] 
245 1 0 |a Automatizace projektování - systémy CASE.  |c R. Bébr 
520 |a Charakteristika účelu systémov CASE. Podstata systémov CASE, ich úrovne, náplň a nástroje. Použitie systémov CASE. Cenové relácie, osvojenie systému a oblasti použitia. Systémy CASE v Kancelárskych strojoch. Využívanie systémov ISKRA, 5P a ZIM u nás. 
610 2 0 |a automatizácia 
610 2 0 |a projektovanie 
610 2 0 |a CASE 
610 2 0 |a systémy počítačové 
610 2 0 |a využitie počítačov 
610 2 0 |a AIP 
610 2 0 |a ISKRA 
610 2 0 |a 5P 
610 2 0 |a ZIM 
100 1 |a Bébr, R.